00511nam a2200193 a 4500001001300000003000900013005001700022008004100039020001000080082001300090100001100103245005900114260005000173300000900223500003500232505001000267650001600277650002400293nice12345678IN_TiNIC20260116011253.0050524s1824 cama grp 000 0 eng  ac10000a239bLEE aLee, S aControversial Tracts on Christianity and Mohammedanism aCambridge bCambridge University Press c1824 a584p aincludes index and biblioraphy2 aindex aApologetics aHenry Martyn-Tracts